| 000 | 00953cab a2200313 4500 | ||
|---|---|---|---|
| 001 | ABS54136 | ||
| 008 | 090401t1995 xxu||||| |||| 00| 0 eng d | ||
| 035 | _a(Sirsi) u8744 | ||
| 041 | _aeng | ||
| 245 | _aBuilding renewal: hospital conversions | ||
| 260 | _c1995 | ||
| 300 | _aLOAN | ||
| 350 | _a0 | ||
| 490 |
_aBRE Building Renewal _vSupplement, CCLX(49) 8 December 1995, (28) |
||
| 520 | _aA report on various hospital conversions that have or are taking place and the benefits and problems associated with their transition to modern use. | ||
| 650 | _aALTERNATIVE USES | ||
| 650 | _aBRISTOL LUNATIC ASYLUM | ||
| 650 | _aCONVERSION | ||
| 650 | _aHISTORIC BUILDINGS | ||
| 650 | _aHOSPITAL BUILDINGS | ||
| 650 | _aRESIDENTIAL USE | ||
| 650 | _aRESTORATION | ||
| 650 | _aROYAL HOLLOWAY SANATORIUM | ||
| 650 | _aVICTORIAN HOSPITALS | ||
| 650 | _aWANDSWORTH | ||
| 690 |
_aRefurbishment _96264 |
||
| 942 | _n0 | ||
| 948 | _c04/03/1997 | ||
| 999 |
_c5422 _d5422 |
||